000 00829nam a2200265 a 4500
001 66077
003 BD-RjUL
005 20211209081510.0
008 170314s1962 nyua b 001 0 eng
035 _a(BD-RjUL)66207
040 _aDLC
_cDLC
_dDLC
_dBD-RjUL
_beng
041 _aeng
082 0 0 _223
_a639.90973
_bALO 1962
100 1 _aAllen, Durward Leon,
_d1910-
_9195456
245 1 0 _aOur wildlife legacy /
_cDurward L. Allen.
250 _aRev. ed.
260 _aNew York :
_bFunk & Wagnalls,
_cc1962.
300 _ax, 422 p. :
_bill. ;
_c22 cm.
504 _aInclude bibliography and index.
600 _aAllen, Durward L. (Durward Leon),
_d1910-1997
_9195460
650 0 _aWildlife conservation
_zUnited States.
_9195458
650 0 _aWildlife management.
_9195459
651 _aUnited States.
_9176143
942 _2ddc
_cBK
999 _c66077
_d66077